Artissimum memoriae vinculum: scritti di geografia storica e di antichità in ricordo di Gioia Conta

Պահպանված է:
Մատենագիտական մանրամասներ
Հիմնական հեղինակներ: Laffi, Umberto (autore), Prontera, Francesco (Հեղինակ), Virgilio, Biagio (Հեղինակ), Campanile, Domitilla (Հեղինակ)
Ձևաչափ: Գիրք
Լեզու:իտալերեն
Հրապարակվել է: Florencia Leo S. Olschki 2004
Հրատարակություն:1a. ed
Խորագրեր:
Ցուցիչներ: Ավելացրեք ցուցիչ
Չկան պիտակներ, Եղեք առաջինը, ով նշում է այս գրառումը!

MARC

LEADER 00000cam a2200000 a 4500
001 UCD9065
003 CL-VaPUC
005 20240524130209.0
008 170602e20040000it |||||||||||||||||ita|d
999 |c 368360  |d 368358 
020 |a 8822253086 
040 |c Pontificia Universidad Católica de Valparaíso 
082 0 4 |a 938  |b LAF  |2 21 
100 |a Laffi, Umberto  |e autore  |9 889070 
245 1 0 |a Artissimum memoriae vinculum: scritti di geografia storica e di antichità in ricordo di Gioia Conta 
250 |a 1a. ed 
260 |a Florencia  |b Leo S. Olschki  |c 2004 
300 |a 442 p 
583 |a last modification  |c 20170602 23:29:00  |k Rodrigo Vera 
650 0 |a Historia antigua  |9 267521 
700 0 |a Prontera, Francesco  |e author  |9 592738 
700 0 |a Virgilio, Biagio  |e author  |9 592739 
700 0 |a Campanile, Domitilla  |e author  |9 592740 
942 |c BK  |2 ddc 
945 |d 20170602 23:29:00  |a dcastane 
952 |0 0  |1 0  |3 erb  |4 0  |6 938_000000000000000_LAF_2004  |7 0  |8 A  |9 483655  |a FDOLAF  |b FDOLAF  |e Laffi, Umberto, 1939-  |i 5394449  |o 938 LAF 2004  |p 5394449  |r 2024-01-30  |w 2019-11-24  |y BK  |z Catalogado en:20170602  |k LAF